000 00905nam a22002537a 4500
003 KOHA_MİRAKIL
005 20260415082502.0
008 260415b tu ||||| |||| 00| 0 tur d
020 _a9755121986
040 _aTR-AnABB
_btur
_cTR-AnABB
041 _atur
082 _a321.8
_bERG 1995
100 1 _aErgil, Doğu
245 1 0 _aDoğu sorunu teşhisler ve tespitler /
_cDoğu Ergil
260 _aAnkara :
_bTOBB,
_c1995
300 _a178 sayfa ;
_c25 cm
490 0 _aTOBB Genel Yayın ;
_vNo: 302
490 0 _aStratejik araştırmalar dizisi ;
_v1
500 _aKitap içerisinde Prof. Dr. Ruşen Keleş tarafından satır altı çizimleri ve vurgular mevcuttur.
500 _aKitap içerisinde Prof. Dr. Ruşen Keleş'e ait konuyla ilgili çalışma notları yer almaktadır.
650 0 4 _aDemokrasi, Tarih ve Kuram
900 _bCan ÇELIK
942 _2ddc
_cBK
999 _c10246
_d10246